Sustainable transportation systems engineering / (Record no. 14023)

000 -LEADER
fixed length control field 01816cam a2200337 i 4500
003 - CONTROL NUMBER IDENTIFIER
control field OSt
005 - DATE AND TIME OF LATEST TRANSACTION
control field 20260226164311.0
008 - FIXED-LENGTH DATA ELEMENTS--GENERAL INFORMATION
fixed length control field 141112s2014 nyua b 001 0 eng d
010 ## - LIBRARY OF CONGRESS CONTROL NUMBER
LC control number 2014469522
020 ## - INTERNATIONAL STANDARD BOOK NUMBER
International Standard Book Number 0071800123
020 ## - INTERNATIONAL STANDARD BOOK NUMBER
International Standard Book Number 9780071800129
042 ## - AUTHENTICATION CODE
Authentication code lccopycat
082 04 - DEWEY DECIMAL CLASSIFICATION NUMBER
Classification number 388/.04
Edition number 23
100 1# - MAIN ENTRY--PERSONAL NAME
Personal name Vanek, Francis M.
245 10 - TITLE STATEMENT
Title Sustainable transportation systems engineering /
Statement of responsibility, etc Francis M. Vanek, Ph. D., Largus T. Angenent, Ph. D., James H. Banks, Ph. D., Ricardo A. Daziano, Ph. D., and Mark A. Turnquist, Ph. D.
260 ## - PUBLICATION, DISTRIBUTION, ETC. (IMPRINT)
Place of publication, distribution, etc New York :
Name of publisher, distributor, etc Mcgraw-Hill Education,
Date of publication, distribution, etc 2014.
300 ## - PHYSICAL DESCRIPTION
Extent xxix, 672 pages :
Other physical details illustrations ;
Dimensions 25 cm
504 ## - BIBLIOGRAPHY, ETC. NOTE
Bibliography, etc Includes bibliographical references and index.
520 ## - SUMMARY, ETC.
Summary, etc Featuring in-depth coverage of passenger and freight transportation, this comprehensive resource discusses contemporary transportation systems and options for improving their sustainability. The book addresses vehicle and infrastructure design, economics, environmental concerns, energy security, and alternative energy sources and platforms. Worked-out examples, case studies, illustrations, equations, and end-of-chapter problems are also included in this practical guide.
650 #0 - SUBJECT ADDED ENTRY--TOPICAL TERM
Topical term or geographic name as entry element Transportation.
650 #0 - SUBJECT ADDED ENTRY--TOPICAL TERM
Topical term or geographic name as entry element Transportation
General subdivision Planning.
650 #0 - SUBJECT ADDED ENTRY--TOPICAL TERM
Topical term or geographic name as entry element Transportation
General subdivision Technological innovations.
700 1# - ADDED ENTRY--PERSONAL NAME
Personal name Angenent, Largus T.
700 1# - ADDED ENTRY--PERSONAL NAME
Personal name Banks, James H.
700 1# - ADDED ENTRY--PERSONAL NAME
Personal name Daziano, Ricardo A.
700 1# - ADDED ENTRY--PERSONAL NAME
Personal name Turnquist, Mark A.
856 41 - ELECTRONIC LOCATION AND ACCESS
Materials specified Table of contents only
Uniform Resource Identifier <a href="http://www.loc.gov/catdir/enhancements/fy1507/2014469522-t.html">http://www.loc.gov/catdir/enhancements/fy1507/2014469522-t.html</a>
856 42 - ELECTRONIC LOCATION AND ACCESS
Materials specified Publisher description
Uniform Resource Identifier <a href="http://www.loc.gov/catdir/enhancements/fy1507/2014469522-d.html">http://www.loc.gov/catdir/enhancements/fy1507/2014469522-d.html</a>
856 42 - ELECTRONIC LOCATION AND ACCESS
Materials specified Contributor biographical information
Uniform Resource Identifier <a href="http://www.loc.gov/catdir/enhancements/fy1507/2014469522-b.html">http://www.loc.gov/catdir/enhancements/fy1507/2014469522-b.html</a>
942 ## - ADDED ENTRY ELEMENTS (KOHA)
Source of classification or shelving scheme
Holdings
Withdrawn status Lost status Source of classification or shelving scheme Damaged status Koha normalized classification for sorting Not for loan Permanent location Current location Shelving location Date acquired Full call number Barcode Date last seen Price effective from Koha item type
        388_000000000000000__04   BMS College of Architecture, Design and Planning BMS College of Architecture, Design and Planning General Stacks 2025-12-02 388/.04 AR-PG799 2026-02-10 2026-02-10 PG Books
Copyright © 2025, The Librarian, Library and Information Centre, BMSCA D&P, Bengaluru. All Rights Reserved
web counter

Powered by Koha